Najludniejsze miasto w USA według kategorii - Statystyki

Ogólne statystyki
  • Ten quiz został rozwiązany 2 razy
  • Średni wynik to 7 z 21
Statystyki odpowiedzi
Kategoria Populacja Miasto % Poprawnych
nazwa zaczyna się na "Fort" 1 008 106 Fort {Worth}
100%
z X w nazwie 1 673 164 Phoenix
100%
z Q w nazwie 560 326 Albuquerque
50%
jest tradycyjnym imieniem dla kobiet 943 476 Charlotte
50%
założony przez Francuzów 645 705 Detroit
50%
na północ od Anchorage 31 732 Fairbanks
50%
w tropikach 344 967 Honolulu
50%
nad Missisipi 610 919 Memphis
50%
nad rzeką Kolumbia 635 749 Portland
50%
na terenie zatoki 997 368 San Jose
50%
nazwany na cześć rdzennego Amerykanina 780 995 Seattle
50%
w przedmieściach Denver 403 130 Aurora
0%
dzieli swoją nazwę z rodzajem ssaka 276 617 Buffalo
0%
w Wyoming 65 704 Cheyenne
0%
nazwany na cześć Włocha 933 263 Columbus
0%
w północnej Arizonie 77 539 Flagstaff
0%
in West Michigan 200 117 Grand Rapids
0%
nazwany na cześć prezydenta USA 1 009 833 Jacksonville
0%
założona po 1900 r. n.e. 678 922 Las Vegas
0%
to NIE jest największy w swoim stanie 1 526 656 San Antonio
0%
nazwa kończąca się na "Beach" 454 808 {Virginia} Beach
0%
Nie znaleziono quizów pasujących do podanych kryteriów
Rozkład punktacji
Procent ludzi z każdym wynikiem
Percentyl według liczby udzielonych odpowiedzi
Twoja historia wyników
Nie rozwiązałeś tego quizu